|
|
|
|
| LEADER |
00000nab a2200000 a 4500 |
| 001 |
vtls009455538 |
| 003 |
SK-MaSNL |
| 005 |
20260304152611.0 |
| 008 |
250506c20081112xo r p 000 00slo |
| 015 |
|
|
|a SNBRB2008/12SVKPO
|
| 035 |
|
|
|a (uuid)b4c5479c-05ad-4d13-b280-a089ef9884e4
|
| 035 |
|
|
|a urn:nbn:sk:snk-abacx0
|
| 035 |
|
|
|a (urnnbn)urn:nbn:sk:snk:ar-a09xpk
|
| 038 |
|
|
|a SVKPOCL
|
| 040 |
|
|
|a SNKBUCL
|b slo
|c SNKBUCL
|e AACR2
|
| 041 |
0 |
|
|a slo
|
| 044 |
|
|
|a xo
|c SK
|
| 080 |
|
|
|a 628.1/.3:061.43
|2 2001
|
| 080 |
|
|
|a 556.18
|2 2001
|
| 080 |
|
|
|a 061.43
|2 2001
|
| 100 |
1 |
|
|a Lichý, Ján
|4 aut
|9 309120
|
| 245 |
1 |
0 |
|a Výstava AQUA po 15. raz
|c Ján Lichý
|
| 300 |
|
|
|a Fotogr.
|
| 611 |
2 |
7 |
|a AQUA
|n (15. :
|d 2008 :
|c Trenčín, Slovensko)
|2 svkpocl
|9 1474976
|
| 650 |
0 |
7 |
|a vodné hospodárstvo
|2 svkpocl
|9 759
|
| 651 |
|
7 |
|a Trenčín (Slovensko)
|2 svkpocl
|9 159956
|
| 773 |
0 |
|
|t Vodohospodársky spravodajca
|g Roč. 51, č. 11-12 (2008), s. 30-31
|x 0322-886X
|
| 850 |
|
|
|a Slovenská národná knižnica
|
| 852 |
|
|
|a Slovenská národná knižnica
|
| 954 |
|
|
|a odborná, vedecká literatúra pôvodná (slovenská)
|2 lita
|
| 958 |
|
|
|a article14
|
| 958 |
|
|
|a NB
|
| 958 |
|
|
|a SK
|
| 958 |
|
|
|a OND
|
| 958 |
|
|
|a EUIPO
|
| 999 |
|
|
|c 2949986
|d 2951916
|